Oracle application server portal handbook [

A guide to Oracle Application Server Portal. It shows how to create and manage feature-rich portals, portlets, and websites. It covers the features of the Oracle Portal, version 10.1.4. It is illustrated by real-world case studies and solutions. It explains how to build customized pages

Bibliographic Details
Main Author: Ostrowski, Christopher (Author)
Format: Electronic Book
Language:English
Published: New York : McGraw-Hill , c2007
Series:McGraw Hill professional
Subjects:
Online Access:McGraw Hill

MARC

LEADER 00000cam a2200000 7i4500
001 0000087635
005 20211208093000.0
008 141113s2007 nyu eng
020 |a 0071596496 
020 |a 0072264608 
020 |a 9780071596497 
020 |a 9780072264609 
050 0 0 |a TK5105.8885.O7   |b O88 2007 
090 0 0 |a TK5105.8885.O7   |b O88 2007 
100 1 |a Ostrowski, Christopher ,   |e author 
245 1 0 |a Oracle application server portal handbook [  |h [electronic resource]]   |c Christopher Ostrowski 
260 |a New York :   |b McGraw-Hill ,   |c c2007 
300 |a 1 online resource :   |b ill. 
490 1 |a McGraw Hill professional 
500 |a "Covers release 10.1.4"--Cover 
500 |a Includes index 
505 0 |a 1. Out-of-the-Box Oracle application server portal technologies -- 2. OracleAS portal responsibilities within an organization -- 3. OracleAS portal page design -- 4. Advanced portal page design -- 5. Content management -- 6. OmniPortlet and Web Clipping-- 7. Writing portlets with java -- 8. Advanced development topics -- 9. Site administration and performance tuning -- 10. OracleAS portal users and security -- 11. Integrating forms, reports, and discoverer into portal -- 12. Oracle instant portal 
520 |a A guide to Oracle Application Server Portal. It shows how to create and manage feature-rich portals, portlets, and websites. It covers the features of the Oracle Portal, version 10.1.4. It is illustrated by real-world case studies and solutions. It explains how to build customized pages 
650 0 |a Web site development   |v Handbooks, manuals, etc 
650 0 |a Web sites   |x Authoring programs   |v Handbooks, manuals, etc 
856 4 0 |3 McGraw Hill   |u http://mhebooklibrary.com/doi/pdf/10.1036/0072264608 
999 |a 1000163179   |b Electronic Book   |c Electronic Resource   |e Gong Badak Campus